| Поле | Инд. | ПП | Название | Значение |
|---|---|---|---|---|
| Тип записи | a | |||
| Библиографический уровень | b | |||
| 001 | Контрольный номер | 33938999b055409681e7025dbf37f077 | ||
| 005 | Дата корректировки | 20220405162148.2 | ||
| 024 | 80 | a | Стандартный номер | DOI: 10.1088/0954-3899/42/1/015109 |
| 040 | a | Служба первич. каталог. | Web of Science | |
| 041 | 0_ | a | Код языка текста | rus |
| 097 | a | Костяева О.Г. | ||
| 100 | 1_ | a | Автор | Mukeru B. |
| 100 | 1_ | a | Автор | Lekala M. L. |
| 100 | 1_ | q | Полное имя | Деникин Андрей Сергеевич |
| g | Прочие сведения | РИНЦ AuthorID: 35943 (http://elibrary.ru/author_profile.asp?id=35943); Scopus Author ID: 6506472689 (https://www.scopus.com/authid/detail.uri?origin=resultslist&authorId=6506472689&zone=); ORCID ID: http://orcid.org/0000-0002-1913-3693 | ||
| u | Дополнение | Деникин А. С.; Denikin A. S. | ||
| a | Автор | Denikin A. S. | ||
| i | 000091244 | |||
| c | Титул (звания) | кандидат физико-математических наук | ||
| j | Принадлежность неизвестного автора к последователям, ученикам, сторонникам, школе и т. д. | государственный университет "Дубна" | ||
| 245 | 10 | a | Заглавие | Study of the effects of nuclear and Coulomb interactions in the breakup of C-19 on Pb-208 |
| 550 | a | Прим. об изд. организации | Ректорат | |
| a | Прим. об изд. организации | Кафедра ядерной физики; Факультет естественных и инженерных наук | ||
| 773 | 18 | t | Название источника | Journal of Physics G: Nuclear and Particle Physics |
| d | Место и дата издания | 2015 | ||
| b | Сведения об издании | Institute of Physics and IOP Publishing Ltd. | ||
| c | ENGLAND | |||
| m | Специф. данные | входит в Scopus;входит в WoS;Входит в ядро РИНЦ;зарубежный журнал;ненулевой импакт-фактор | ||
| p | J. Phys. G-Nucl. Part. Phys. | |||
| o | Прочие индексы | wos 2.899, scopus 1.97, ринц - | ||
| x | ISSN | 0954-3899 | ||
| g | Прочая информация | V. 42. - № 1. - P. 015109 | ||
| w | Контрольный № источника | ef8e195b47054011a70e823af1bdce48 | ||
| 901 | t | Тип документа | b | |
| 952 | c | Вид литературы | материалы конференции |